Guidelines for the conduct of a training course in farming system development (Record no. 40877)

MARC details
000 -LEADER
fixed length control field 00336nam a2200109Ia 4500
082 ## - DEWEY DECIMAL CLASSIFICATION NUMBER
Classification number 631.11:37
Item number FAO
245 #0 - TITLE STATEMENT
Title Guidelines for the conduct of a training course in farming system development
260 ## - PUBLICATION, DISTRIBUTION, ETC. (IMPRINT)
Place of publication Rome
Name of publisher FAO
Year of publication 1990
490 ## - SERIES STATEMENT
Series statement FAO farm system management series 1
942 ## - ADDED ENTRY ELEMENTS (KOHA)
Koha item type Books
Holdings
Withdrawn status Lost status Damaged status Not for loan Home library Current library Date acquired Cost, normal purchase price Full call number Accession Number Koha item type
        RRII Library RRII Library 16/12/2021 26.00 631.11:37 FAO 21171 Books